|
|
|
|
| LEADER |
00000cam a2200000 7i4500 |
| 001 |
0000084298 |
| 005 |
20220105104313.0 |
| 008 |
191111 |
| 020 |
|
|
|a 9789672083429
|
| 041 |
0 |
|
|a Malay
|
| 090 |
0 |
0 |
|a JP
|b MAL
|
| 245 |
0 |
0 |
|a Merokok?...jangan mulakan!
|
| 260 |
|
|
|a Johor :
|b Perbadanan Perpustakaan Awam Johor ,
|c 2019
|
| 300 |
|
|
|a 16 p. :
|b col.,ill. ;
|c 24.1 cm.
|
| 500 |
|
|
|a Children age 4-6 years old (yellow)
|
| 541 |
0 |
0 |
|c Purchased on 2019
|f PPAJ
|
| 650 |
|
0 |
|a Children's stories, Malay
|
| 650 |
|
0 |
|a Government publications
|z Malaysia
|
| 650 |
|
0 |
|a Malaysian fiction (Malay)
|
| 710 |
1 |
|
|a Perbadanan Perpustakaan Awam Johor
|
| 999 |
|
|
|a 0001595869
|b Book
|c Children Collection
|e Cawangan Muar
|
| 999 |
|
|
|a 0001595870
|b Book
|c Children Collection
|e Cawangan Muar
|
| 999 |
|
|
|a 0001595871
|b Book
|c Children Collection
|e Cawangan Muar
|
| 999 |
|
|
|a 0001595872
|b Book
|c Children Collection
|e Cawangan Muar
|
| 999 |
|
|
|a 0001595873
|b Book
|c Children Collection
|e Cawangan Muar
|
| 999 |
|
|
|a 0001595874
|b Book
|c Children Collection
|e Cawangan Muar
|
| 999 |
|
|
|a 0001595875
|b Book
|c Children Collection
|e Cawangan Muar
|
| 999 |
|
|
|a 0001595876
|b Book
|c Children Collection
|e Cawangan Muar
|
| 999 |
|
|
|a 0001595877
|b Book
|c Children Collection
|e Cawangan Muar
|
| 999 |
|
|
|a 0001595878
|b Book
|c Children Collection
|e Cawangan Muar
|
| 999 |
|
|
|a 0001595879
|b Book
|c Children Collection
|e Cawangan Muar
|
| 999 |
|
|
|a 0001617818
|b Book
|c Children Collection
|e Cawangan Tangkak
|
| 999 |
|
|
|a 0001617819
|b Book
|c Children Collection
|e Cawangan Tangkak
|
| 999 |
|
|
|a 0001617820
|b Book
|c Children Collection
|e Cawangan Tangkak
|
| 999 |
|
|
|a 0001617821
|b Book
|c Children Collection
|e Cawangan Tangkak
|
| 999 |
|
|
|a 0001617822
|b Book
|c Children Collection
|e Cawangan Tangkak
|
| 999 |
|
|
|a 0001617823
|b Book
|c Children Collection
|e Cawangan Bandar Tenggara
|
| 999 |
|
|
|a 0001617824
|b Book
|c Children Collection
|e Cawangan Bandar Tenggara
|
| 999 |
|
|
|a 0001617825
|b Book
|c Children Collection
|e Cawangan Bandar Tenggara
|
| 999 |
|
|
|a 0001617826
|b Book
|c Children Collection
|e Cawangan Bandar Tenggara
|
| 999 |
|
|
|a 0001617827
|b Book
|c Children Collection
|e Cawangan Bandar Tenggara
|
| 999 |
|
|
|a 0001617828
|b Book
|c Children Collection
|e Cawangan Kota Tinggi
|
| 999 |
|
|
|a 0001617829
|b Book
|c Children Collection
|e Cawangan Kota Tinggi
|
| 999 |
|
|
|a 0001617830
|b Book
|c Children Collection
|e Cawangan Kota Tinggi
|
| 999 |
|
|
|a 0001617831
|b Book
|c Children Collection
|e Cawangan Kota Tinggi
|
| 999 |
|
|
|a 0001617832
|b Book
|c Children Collection
|e Cawangan Kota Tinggi
|
| 999 |
|
|
|a 0001617833
|b Book
|c Children Collection
|e Cawangan Pontian
|
| 999 |
|
|
|a 0001617834
|b Book
|c Children Collection
|e Cawangan Pontian
|
| 999 |
|
|
|a 0001617835
|b Book
|c Children Collection
|e Cawangan Pontian
|
| 999 |
|
|
|a 0001617836
|b Book
|c Children Collection
|e Cawangan Taman Universiti
|
| 999 |
|
|
|a 0001617837
|b Book
|c Braille
|e Cawangan Taman Sri Lambak
|
| 999 |
|
|
|a 0001617838
|b Book
|c Children Collection
|e Cawangan Mersing
|
| 999 |
|
|
|a 0001617839
|b Book
|c Children Collection
|e Cawangan Mersing
|
| 999 |
|
|
|a 0001617840
|b Book
|c Children Collection
|e Cawangan Mersing
|
| 999 |
|
|
|a 0001617841
|b Book
|c Children Collection
|e Cawangan Mersing
|
| 999 |
|
|
|a 0001617842
|b Book
|c Children Collection
|e Cawangan Mersing
|
| 999 |
|
|
|a 0001617843
|b Book
|c Children Collection
|e Cawangan Taman Universiti
|
| 999 |
|
|
|a 0001617844
|b Book
|c Children Collection
|e Cawangan Pontian
|
| 999 |
|
|
|a 0001617845
|b Book
|c Children Collection
|e Cawangan Pontian
|
| 999 |
|
|
|a 0001617846
|b Book
|c Children Collection
|e Cawangan Taman Sri Lambak
|
| 999 |
|
|
|a 0001617847
|b Book
|c Banned Items
|e Cawangan Taman Sri Lambak
|
| 999 |
|
|
|a 0001617848
|b Book
|c Children Collection
|e Cawangan Taman Sri Lambak
|
| 999 |
|
|
|a 0001617849
|b Book
|c Baby
|e Cawangan Taman Sri Lambak
|
| 999 |
|
|
|a 0001617850
|b Book
|c Children Collection
|e Cawangan Segamat
|
| 999 |
|
|
|a 0001617851
|b Book
|c Children Collection
|e Cawangan Segamat
|
| 999 |
|
|
|a 0001617852
|b Book
|c Children Collection
|e Cawangan Segamat
|
| 999 |
|
|
|a 0001617853
|b Book
|c Children Collection
|e Cawangan Segamat
|
| 999 |
|
|
|a 0001617854
|b Book
|c Children Collection
|e Cawangan Segamat
|
| 999 |
|
|
|a 0001617855
|b Book
|c Children Collection
|e Cawangan Muar
|
| 999 |
|
|
|a 0001617856
|b Book
|c Children Collection
|e Cawangan Muar
|
| 999 |
|
|
|a 0001617857
|b Book
|c Children Collection
|e Cawangan Muar
|
| 999 |
|
|
|a 0001617858
|b Book
|c Children Collection
|e Cawangan Muar
|
| 999 |
|
|
|a 0001617859
|b Book
|c Children Collection
|e Cawangan Muar
|
| 999 |
|
|
|a 0001617864
|b Book
|c Children Collection
|e Cawangan Bandar Penawar
|
| 999 |
|
|
|a 0001617865
|b Book
|c Children Collection
|e Cawangan Bandar Penawar
|
| 999 |
|
|
|a 0001617866
|b Book
|c Children Collection
|e Cawangan Bandar Penawar
|
| 999 |
|
|
|a 0001617867
|b Book
|c Children Collection
|e Cawangan Bandar Penawar
|
| 999 |
|
|
|a 0001617868
|b Book
|c Children Collection
|e Cawangan Bandar Penawar
|
| 999 |
|
|
|a 0001617869
|b Book
|c Children Collection
|e Cawangan Batu Pahat
|
| 999 |
|
|
|a 0001617870
|b Book
|c Children Collection
|e Cawangan Batu Pahat
|
| 999 |
|
|
|a 0001617871
|b Book
|c Children Collection
|e Cawangan Batu Pahat
|
| 999 |
|
|
|a 0001617872
|b Book
|c Children Collection
|e Cawangan Batu Pahat
|
| 999 |
|
|
|a 0001617873
|b Book
|c Children Collection
|e Cawangan Batu Pahat
|
| 999 |
|
|
|a 0001617874
|b Book
|c Children Collection
|e Cawangan Bukit Gambir
|
| 999 |
|
|
|a 0001617876
|b Book
|c Children Collection
|e Cawangan Taman Universiti
|
| 999 |
|
|
|a 0001617877
|b Book
|c Children Collection
|e Cawangan Taman Universiti
|
| 999 |
|
|
|a 0001617878
|b Book
|c Children Collection
|e Cawangan Taman Universiti
|
| 999 |
|
|
|a 0001617879
|b Book
|c Children Collection
|e Cawangan Tmn. Ungku Tun Aminah
|
| 999 |
|
|
|a 0001617880
|b Book
|c Children Collection
|e Cawangan Tmn. Ungku Tun Aminah
|
| 999 |
|
|
|a 0001617881
|b Book
|c Children Collection
|e Cawangan Tmn. Ungku Tun Aminah
|
| 999 |
|
|
|a 0001617882
|b Book
|c Children Collection
|e Cawangan Tmn. Ungku Tun Aminah
|
| 999 |
|
|
|a 0001617883
|b Book
|c Children Collection
|e Cawangan Tmn. Ungku Tun Aminah
|
| 999 |
|
|
|a 0001617884
|b Book
|c Children Collection
|e Cawangan Bukit Gambir
|
| 999 |
|
|
|a 0001617885
|b Book
|c Children Collection
|e Cawangan Bukit Gambir
|
| 999 |
|
|
|a 0001617886
|b Book
|c Children Collection
|e Cawangan Bukit Gambir
|
| 999 |
|
|
|a 0001617887
|b Book
|c Children Collection
|e Cawangan Bukit Gambir
|
| 999 |
|
|
|a 0001618056
|b Book
|c Children Collection
|e Cawangan Batu Pahat
|
| 999 |
|
|
|a 0001618057
|b Book
|c Children Collection
|e Cawangan Batu Pahat
|
| 999 |
|
|
|a 0001618058
|b Book
|c Children Collection
|e Cawangan Batu Pahat
|
| 999 |
|
|
|a 0001618076
|b Book
|c Children Collection
|e Cawangan Batu Pahat
|
| 999 |
|
|
|a 0001618077
|b Book
|c Children Collection
|e Cawangan Batu Pahat
|
| 999 |
|
|
|a 0001618690
|b Book
|c Children Collection
|e Cawangan Urban Transformation Centre
|
| 999 |
|
|
|a 0001618691
|b Book
|c Children Collection
|e Cawangan Urban Transformation Centre
|
| 999 |
|
|
|a 0001618692
|b Book
|c Children Collection
|e Cawangan Urban Transformation Centre
|
| 999 |
|
|
|a 0001618693
|b Book
|c Children Collection
|e Cawangan Urban Transformation Centre
|
| 999 |
|
|
|a 0001618694
|b Book
|c Children Collection
|e Cawangan Urban Transformation Centre
|
| 999 |
|
|
|a 0001618695
|b Book
|c Children Collection
|e Cawangan AEON Kulaijaya
|
| 999 |
|
|
|a 0001618696
|b Book
|c Children Collection
|e Cawangan AEON Kulaijaya
|
| 999 |
|
|
|a 0001618697
|b Book
|c Children Collection
|e Cawangan AEON Kulaijaya
|
| 999 |
|
|
|a 0001618698
|b Book
|c Children Collection
|e Cawangan AEON Kulaijaya
|
| 999 |
|
|
|a 0001618699
|b Book
|c Children Collection
|e Cawangan AEON Kulaijaya
|
| 999 |
|
|
|a 0001618727
|b Book
|c Children Collection
|e Perbadanan Perpustakaan Awam Johor
|